Tecnología de la calderería: uniones provisionales y permanentes
Na minha lista:
| Autor principal: | |
|---|---|
| Formato: | Livro |
| Idioma: | espanhol |
| Publicado em: |
Barcelona
CEAC
1990
|
| Edição: | 2a. ed |
| Colecção: | Biblioteca de Mecánica
|
| Assuntos: | |
| Tags: |
Adicionar Tag
Sem tags, seja o primeiro a adicionar uma tag!
|
MARC
| LEADER | 00000nam a2200000 a 4500 | ||
|---|---|---|---|
| 001 | UCN9449 | ||
| 003 | CL-VaPUC | ||
| 008 | 011207e19900000SP |||||||||||||||||spa|d | ||
| 082 | 0 | 4 | |a 621.815 |b LOB |2 21 |
| 100 | |a Lobjois, Ch |e autor |9 502439 | ||
| 245 | 1 | 0 | |a Tecnología de la calderería: uniones provisionales y permanentes |
| 250 | |a 2a. ed | ||
| 300 | |a 274 p | ||
| 942 | |c BK | ||
| 945 | |d 20011207 00:00:00 |a cmena | ||
| 260 | |a Barcelona |b CEAC |c 1990 | ||
| 650 | 0 | |a Diseño de máquinas |9 271533 | |
| 650 | 7 | |a CALDERAS |2 CL-VaPUC |9 260947 | |
| 650 | 0 | |a Ingeniería mecánica |9 262089 | |
| 650 | 7 | |a SOLDADURAS - METALES |2 CL-VaPUC |9 466086 | |
| 583 | |a last modification |c 20011207 00:00:00 |k Rodrigo Vera | ||
| 490 | 0 | |a Biblioteca de Mecánica | |
| 999 | |c 298872 |d 298870 | ||